[Event "Geneve Bois Gentil op"]
[Site "Geneve"]
[Date "2019.02.15"]
[Round "6"]
[White "Nawrocki, Bronislaw"]
[Black "Vederhus, Alf"]
[Result "1/2-1/2"]
[WhiteElo "1740"]
[BlackElo "1497"]
[PlyCount "86"]
[EventDate "2019.01.11"]
[EventType "swiss"]
[EventRounds "7"]
[EventCountry "SUI"]
[SourceTitle "CBM 189 Extra"]
[Source "ChessBase"]
[SourceDate "2019.06.03"]
[SourceVersion "1"]
[SourceVersionDate "2019.06.03"]
[SourceQuality "1"]

1. e4 c5 2. c3 d5 3. exd5 Qxd5 4. d4 e5 5. Nf3 Nc6 6. Be2 cxd4 7. 0-0 Nf6 8. cxd4 exd4 9. Bf4 Bc5 10. Na3 a6 11. Bc4 Qd8 12. Re1+ Be7 13. Bxf7+ Kf8 14. Bc4 b5 15. Bd3 Bg4 16. h3 Bh5 17. Bf5 Bf7 18. Ng5 h6 19. Nxf7 Kxf7 20. Qb3+ Kf8 21. Be6 d3 22. Be3 Nd4 23. Bxd4 Qxd4 24. Re3 Ne4 25. Rf3+ Bf6 26. Rd1 Nc5 27. Qd5 Qxd5 28. Bxd5 Rd8 29. b4 Rxd5 30. bxc5 Rxc5 31. Rdxd3 Ke7 32. Rfe3+ Re5 33. Nc2 Rd8 34. f4 Rxd3 35. fxe5 Rd1+ 36. Kh2 Bg5 37. Re4 Rf1 38. Kg3 Rc1 39. Re2 Rd1 40. Nb4 Rd2 41. Kf3 Rxe2 42. Kxe2 Ke6 43. Nxa6 Kxe5 1/2-1/2

[Event "SUI-ch op"]
[Site "Flims"]
[Date "2016.07.08"]
[Round "2"]
[White "Nawrocki, Bronislaw"]
[Black "Brauchli, Joerg"]
[Result "0-1"]
[WhiteElo "1732"]
[BlackElo "2050"]
[PlyCount "138"]
[EventDate "2016.07.08"]
[EventType "swiss"]
[EventRounds "9"]
[EventCountry "SUI"]
[SourceTitle "CBM 173 Extra"]
[Source "ChessBase"]
[SourceDate "2016.08.29"]
[SourceVersion "1"]
[SourceVersionDate "2016.08.29"]
[SourceQuality "1"]

1. e4 e6 2. d4 d5 3. Nc3 Nf6 4. e5 Nfd7 5. Nf3 c5 6. Be3 Nc6 7. Qd2 c4 8. g3 Qa5 9. Bg2 b5 10. 0-0 Be7 11. a3 0-0 12. h4 b4 13. axb4 Qxb4 14. b3 cxb3 15. cxb3 Nb6 16. Rfb1 Bd7 17. Qd3 Nc8 18. Nb5 Rb8 19. Nc3 Qb7 20. Ng5 Bxg5 21. Bxg5 h6 22. Be3 N8e7 23. Na4 Nb4 24. Qd1 Bb5 25. Nc5 Qb6 26. Bh3 a5 27. Qg4 Kh7 28. Bd2 Ra8 29. Bf1 Nf5 30. Rc1 Rfc8 31. Be3 Bxf1 32. Kxf1 Nxe3+ 33. fxe3 Qb5+ 34. Qe2 Qxe2+ 35. Kxe2 Kg6 36. Nb7 Rxc1 37. Rxc1 a4 38. bxa4 Rxa4 39. Rc7 Ra2+ 40. Kf1 f6 41. exf6 gxf6 42. Nc5 e5 43. dxe5 fxe5 44. Rb7 Nc2 45. e4 Ne3+ 46. Ke1 d4 47. Nd3 Ng4 48. Rb6+ Kf7 49. h5 Rg2 50. Rb7+ Kf6 51. Rb6+ Kg5 52. Rb5 Rxg3 53. Nxe5 Nxe5 54. Rxe5+ Kf4 55. Re6 Ke3 56. Rg6 Rh3 57. Kd1 d3 58. Rg1 Kxe4 59. Re1+ Kd4 60. Re8 Rxh5 61. Rd8+ Rd5 62. Rh8 h5 63. Kd2 Ke4 64. Re8+ Kf4 65. Re3 h4 66. Re8 h3 67. Rg8 h2 68. Rh8 Kg3 69. Rg8+ Kh4 0-1

[Event "Bois Gentil op"]
[Site "Geneve"]
[Date "2016.03.11"]
[Round "7"]
[White "Weber, Francois"]
[Black "Nawrocki, Bronislaw"]
[Result "0-1"]
[WhiteElo "1818"]
[BlackElo "1702"]
[PlyCount "112"]
[EventDate "2016.01.15"]
[EventType "swiss"]
[EventRounds "7"]
[EventCountry "SUI"]
[SourceTitle "EXT 2017"]
[Source "ChessBase"]
[SourceDate "2016.10.25"]
[SourceVersion "1"]
[SourceVersionDate "2016.10.25"]
[SourceQuality "1"]

1. Nf3 Nf6 2. c4 g6 3. d4 Bg7 4. Nc3 0-0 5. e4 d6 6. Be2 Nbd7 7. 0-0 c5 8. d5 a6 9. a4 a5 10. Nd2 e5 11. dxe6 fxe6 12. f4 Kh8 13. Nf3 Ne8 14. Nb5 Qb6 15. Rb1 Ndf6 16. Qd3 d5 17. e5 dxc4 18. Qxc4 Nd5 19. Kh1 Bd7 20. Ng5 Bxb5 21. Qxb5 Qxb5 22. Bxb5 Nec7 23. Bc4 Bxe5 24. Bxd5 exd5 25. g3 h6 26. Nh3 Kg7 27. Kg2 Bd6 28. Bd2 b6 29. Rbe1 Rae8 30. Ng1 Rxe1 31. Rxe1 Re8 32. Nf3 Rxe1 33. Bxe1 d4 34. Nd2 Nd5 35. Nc4 Bc7 36. Kf3 Kf6 37. Bd2 h5 38. Ke4 Ne7 39. h3 Ke6 40. g4 hxg4 41. hxg4 Bd8 42. Ne5 Bc7 43. Nf3 Nd5 44. f5+ gxf5+ 45. gxf5+ Kd6 46. Ng5 Nf6+ 47. Kf3 Kd5 48. Ne6 Be5 49. Ng5 c4 50. Nf7 Ne4 51. Bc1 Bf6 52. Bf4 c3 53. b3 Nc5 54. Nd6 Nxb3 55. Ne4 Be5 56. Bh6 Nc5 0-1

[Event "Bois Gentil op"]
[Site "Geneve"]
[Date "2016.02.12"]
[Round "5"]
[White "Dellenbach, Jean Paul"]
[Black "Nawrocki, Bronislaw"]
[Result "1/2-1/2"]
[WhiteElo "1577"]
[BlackElo "1702"]
[PlyCount "57"]
[EventDate "2016.01.15"]
[EventType "swiss"]
[EventRounds "7"]
[EventCountry "SUI"]
[SourceTitle "EXT 2017"]
[Source "ChessBase"]
[SourceDate "2016.10.25"]
[SourceVersion "1"]
[SourceVersionDate "2016.10.25"]
[SourceQuality "1"]

1. e4 d5 2. exd5 Qxd5 3. Nc3 Qd6 4. Nf3 Nf6 5. Bc4 e6 6. 0-0 Be7 7. d3 a6 8. a4 0-0 9. Be3 c5 10. Ne4 Nxe4 11. dxe4 Nc6 12. c3 b6 13. Qc2 Bb7 14. Rad1 Qc7 15. Bg5 Na5 16. Ba2 Bxg5 17. Nxg5 h6 18. Nf3 Rad8 19. Bb1 g6 20. h4 Qf4 21. h5 f5 22. exf5 gxf5 23. Rxd8 Rxd8 24. Rd1 Bd5 25. Qe2 Rd6 26. Rxd5 exd5 27. Qe8+ Kg7 28. Qe7+ Kg8 29. Qe8+ 1/2-1/2

[Event "Bois Gentil op"]
[Site "Geneve"]
[Date "2015.01.30"]
[Round "4"]
[White "Obradovic, Goran"]
[Black "Nawrocki, Bronislaw"]
[Result "1-0"]
[WhiteElo "1773"]
[BlackElo "1783"]
[PlyCount "77"]
[EventDate "2015.01.09"]
[EventType "swiss"]
[EventRounds "7"]
[EventCountry "SUI"]
[SourceTitle "EXT 2016"]
[Source "ChessBase"]
[SourceDate "2015.10.08"]
[SourceVersion "1"]
[SourceVersionDate "2015.10.08"]
[SourceQuality "1"]

1. e4 g6 2. d4 Bg7 3. Nf3 Nf6 4. e5 Nd5 5. Bc4 Nb6 6. Bb3 Nc6 7. a3 0-0 8. 0-0 d6 9. exd6 Qxd6 10. c3 h6 11. Be3 Na5 12. Ba2 Nac4 13. Qc2 Bf5 14. Qe2 Nxe3 15. fxe3 Bxb1 16. Raxb1 e6 17. Rbd1 c5 18. c4 Rfe8 19. b4 Qc7 20. bxc5 Nd7 21. Qf2 e5 22. Qg3 Rac8 23. Bb1 e4 24. Qxc7 Rxc7 25. Nd2 f5 26. g3 Nf6 27. h3 h5 28. Nb3 Nh7 29. d5 Ng5 30. d6 Rd7 31. c6 bxc6 32. Nc5 Rdd8 33. Na6 Nf3+ 34. Kf2 Ne5 35. c5 Nc4 36. Ba2 Kf8 37. Bxc4 Bb2 38. a4 Be5 39. Nc7 1-0

[Event "Geneve op 27th"]
[Site "Geneve"]
[Date "2013.01.25"]
[Round "2"]
[White "Le Bourhis, Gael"]
[Black "Nawrocki, Bronislaw"]
[Result "1-0"]
[WhiteElo "2099"]
[BlackElo "1748"]
[PlyCount "92"]
[EventDate "2013.01.18"]
[EventType "swiss"]
[EventRounds "7"]
[EventCountry "SUI"]
[SourceTitle "EXT 2014"]
[Source "ChessBase"]
[SourceDate "2013.11.20"]
[SourceVersion "1"]
[SourceVersionDate "2013.11.20"]
[SourceQuality "1"]

1. d4 Nf6 2. Nf3 g6 3. c4 Bg7 4. Nc3 d6 5. Bg5 h6 6. Bh4 g5 7. Bg3 Nh5 8. e3 Nd7 9. Be2 Nxg3 10. hxg3 Nf6 11. Qc2 c5 12. d5 Qa5 13. Nd2 Ng4 14. 0-0 0-0 15. a3 Bd7 16. Nde4 Kh8 17. b4 cxb4 18. axb4 Qc7 19. Rfc1 Bf5 20. Ra3 a6 21. Qb3 Rfc8 22. c5 Qd7 23. Bxg4 Bxg4 24. Na4 Qf5 25. Nd2 Be2 26. Nb6 dxc5 27. bxc5 Bb5 28. Qc2 Qe5 29. Nf3 Qb2 30. Ra2 Qf6 31. Nxa8 Rxa8 32. Nd4 Bd7 33. Qb3 Bc8 34. c6 bxc6 35. dxc6 e5 36. Nf3 Be6 37. Qb7 Rf8 38. Rxa6 Bc8 39. Qb6 Bxa6 40. Qxa6 Qe6 41. Qb7 Qc8 42. Nd2 Kg8 43. Nc4 e4 44. Nb6 Qxb7 45. cxb7 f5 46. Rc8 Be5 1-0